[Event "EU-ch (Men) 11th"]
[Site "Rijeka"]
[Date "2010.03.08"]
[Round "3.109"]
[White "San Segundo Carrillo, Pablo"]
[Black "Lorscheid, Gerhard"]
[Result "1/2-1/2"]
[WhiteElo "2534"]
[BlackElo "2328"]
[PlyCount "89"]
[EventDate "2010.03.06"]
[EventType "swiss"]
[EventRounds "11"]
[EventCountry "CRO"]
[SourceDate "2010.03.06"]

1. d4 d5 2. c4 c6 3. Nf3 Nf6 4. e3 a6 5. Nbd2 Bf5 6. Nh4 Be4 7. f3 Bg6 8. Qb3
Qc7 9. g3 e6 10. Bg2 Nbd7 11. O-O Be7 12. cxd5 cxd5 13. Nxg6 hxg6 14. Nb1 O-O
15. Bd2 Qb6 16. Rc1 Rfc8 17. Nc3 Qa7 18. Bf1 Rc6 19. Ne2 Rac8 20. Nf4 Qb6 21.
Nd3 Rxc1 22. Rxc1 Rxc1 23. Nxc1 Qc7 24. Qc3 Qxc3 25. Bxc3 Bd8 26. Nb3 Bb6 27.
Na5 Bxa5 28. Bxa5 Nb8 29. g4 Nc6 30. Bc7 g5 31. Kf2 Ne8 32. Bg3 f6 33. Ke1 Kf7
34. Kd2 e5 35. dxe5 fxe5 36. b3 Ke6 37. Bd3 Nd6 38. Bh7 d4 39. Bg8+ Kf6 40. h4
dxe3+ 41. Kxe3 gxh4 42. Bxh4+ g5 43. Be1 Na7 44. Bb4 Ndc8 45. Bc4 1/2-1/2

[Event "EU-ch (Men) 11th"]
[Site "Rijeka"]
[Date "2010.03.08"]
[Round "3.110"]
[White "Pavlidis, Antonios"]
[Black "Papin, Vasily"]
[Result "1/2-1/2"]
[WhiteElo "2376"]
[BlackElo "2532"]
[PlyCount "61"]
[EventDate "2010.03.06"]
[EventType "swiss"]
[EventRounds "11"]
[EventCountry "CRO"]
[SourceDate "2010.03.06"]

1. e4 c5 2. Nf3 e6 3. Nc3 a6 4. d4 cxd4 5. Nxd4 Qc7 6. Bd3 Nf6 7. O-O Bc5 8.
Nb3 Be7 9. a4 Nc6 10. a5 Bb4 11. Bd2 O-O 12. Na4 Bxa5 13. Nxa5 Nxa5 14. e5 Nd5
15. c4 Nxc4 16. Rc1 b5 17. b3 bxa4 18. bxc4 Ne7 19. Bb4 Re8 20. Bxe7 Rxe7 21.
Bxh7+ Kxh7 22. Qh5+ Kg8 23. Rc3 Qc5 24. Rh3 f5 25. Qh8+ Kf7 26. Qh5+ Kg8 27.
Re1 Bb7 28. Qh8+ Kf7 29. Qh5+ Kg8 30. Qh7+ Kf7 31. Qh5+ 1/2-1/2

[Event "EU-ch (Men) 11th"]
[Site "Rijeka"]
[Date "2010.03.08"]
[Round "3.112"]
[White "Anisimov, Pavel"]
[Black "Boehnisch, Manfred"]
[Result "1-0"]
[WhiteElo "2519"]
[BlackElo "2316"]
[PlyCount "59"]
[EventDate "2010.03.06"]
[EventType "swiss"]
[EventRounds "11"]
[EventCountry "CRO"]
[SourceDate "2010.03.06"]

1. d4 d5 2. c4 c6 3. Nc3 Nf6 4. e3 Bf5 5. Nf3 e6 6. Nh4 Bg4 7. Qb3 Qb6 8. h3
Bh5 9. g4 Bg6 10. Nxg6 hxg6 11. Bg2 Nbd7 12. Bd2 Be7 13. cxd5 exd5 14. Qc2 Bd6
15. O-O-O Qc7 16. Kb1 O-O-O 17. Rc1 Nb6 18. g5 Nh5 19. Nxd5 Nxd5 20. Bxd5 Kb8
21. Qb3 Bb4 22. Bxb4 Rxd5 23. Qxd5 cxd5 24. Rxc7 Kxc7 25. Rc1+ Kd7 26. Rc5 Ke6
27. Rc7 f6 28. Rxb7 fxg5 29. Rxa7 Kf5 30. Re7 1-0

[Event "EU-ch (Men) 11th"]
[Site "Rijeka"]
[Date "2010.03.08"]
[Round "3.113"]
[White "Bentivegna, Francesco"]
[Black "Banusz, Tamas"]
[Result "1/2-1/2"]
[WhiteElo "2361"]
[BlackElo "2517"]
[PlyCount "81"]
[EventDate "2010.03.06"]
[EventType "swiss"]
[EventRounds "11"]
[EventCountry "CRO"]
[SourceDate "2010.03.06"]

1. e4 c5 2. c3 d5 3. exd5 Qxd5 4. d4 Nf6 5. Nf3 e6 6. a3 Be7 7. Be3 O-O 8. Bd3
Nbd7 9. O-O b6 10. Nbd2 Bb7 11. Qe2 Rfd8 12. Rfe1 Nf8 13. Rad1 Qh5 14. dxc5
bxc5 15. Bf4 Ng6 16. Bg3 Bd6 17. Ne4 Bxg3 18. Nxf6+ gxf6 19. hxg3 f5 20. Bc2
Kg7 21. Qe3 Bxf3 22. Qxf3 Qxf3 23. gxf3 Rxd1 24. Rxd1 Ne5 25. g4 Nc4 26. Rd7
Rb8 27. Rxa7 Rxb2 28. Bd3 Nd2 29. Rc7 Rb3 30. Rxc5 Rxa3 31. Kg2 Kf6 32. Rc7 h5
33. Be2 Kg6 34. Rc8 Ne4 35. c4 Ra2 36. Kf1 Rc2 37. Rg8+ Kh7 38. Rc8 Kg7 39. Rc7
Kg6 40. Rc8 Kg7 41. Rc7 1/2-1/2

[Event "EU-ch (Men) 11th"]
[Site "Rijeka"]
[Date "2010.03.08"]
[Round "3.114"]
[White "Guliyev, Namig"]
[Black "Medancic, Rikard"]
[Result "1/2-1/2"]
[WhiteElo "2516"]
[BlackElo "2311"]
[PlyCount "84"]
[EventDate "2010.03.06"]
[EventType "swiss"]
[EventRounds "11"]
[EventCountry "CRO"]
[SourceDate "2010.03.06"]

1. e4 e5 2. Nf3 Nc6 3. Bb5 Bc5 4. O-O Nd4 5. Nxd4 Bxd4 6. c3 Bb6 7. d4 c6 8.
Ba4 d6 9. dxe5 dxe5 10. Nd2 Nf6 11. Qf3 O-O 12. Nc4 Bc7 13. Ne3 g6 14. Bb3 Kg7
15. Kh1 Qe7 16. Bd2 Be6 17. Bc2 Rad8 18. Rfd1 Rd7 19. Be1 Rfd8 20. Rxd7 Rxd7
21. Qe2 Qd8 22. a4 a5 23. g3 Qc8 24. Kg2 Bh3+ 25. Kg1 Be6 26. f3 Qd8 27. Bf2
Rd2 28. Qe1 Bb6 29. Rd1 Rxd1 30. Qxd1 Qxd1+ 31. Bxd1 Nd7 32. Kf1 Kf8 33. Ke2
Ke7 34. Bc2 h5 35. f4 exf4 36. gxf4 Bh3 37. Bh4+ Ke8 38. Kf3 Bc7 39. e5 Be6 40.
b4 Nb6 41. bxa5 Nc4 42. a6 bxa6 1/2-1/2

[Event "EU-ch (Men) 11th"]
[Site "Rijeka"]
[Date "2010.03.08"]
[Round "3.115"]
[White "Gasanov, Eldar"]
[Black "Zelic, Mladen"]
[Result "1-0"]
[WhiteElo "2514"]
[BlackElo "2306"]
[PlyCount "55"]
[EventDate "2010.03.06"]
[EventType "swiss"]
[EventRounds "11"]
[EventCountry "CRO"]
[SourceDate "2010.03.06"]

1. Nf3 f5 2. g3 Nf6 3. Bg2 d6 4. d4 g6 5. O-O Bg7 6. c4 O-O 7. Nc3 Nc6 8. d5
Na5 9. Qa4 c5 10. dxc6 Nxc6 11. Rd1 Ne4 12. Ng5 Nxc3 13. bxc3 Bxc3 14. Rb1 Qa5
15. Bd5+ Kg7 16. Bxc6 bxc6 17. Qxc6 f4 18. Qxa8 Qxg5 19. Bxf4 Rxf4 20. Qxc8 Bd4
21. Rf1 Re4 22. Rb8 Kh6 23. Qh3+ Kg7 24. Qc8 Kh6 25. e3 Rxe3 26. Qh3+ Kg7 27.
fxe3 Qxe3+ 28. Kh1 1-0

[Event "EU-ch (Men) 11th"]
[Site "Rijeka"]
[Date "2010.03.08"]
[Round "3.116"]
[White "Grimberg, Boris"]
[Black "Llaneza Vega, Marcos"]
[Result "1/2-1/2"]
[WhiteElo "2352"]
[BlackElo "2514"]
[PlyCount "55"]
[EventDate "2010.03.06"]
[EventType "swiss"]
[EventRounds "11"]
[EventCountry "CRO"]
[SourceDate "2010.03.06"]

1. e4 c5 2. Nf3 e6 3. d4 cxd4 4. Nxd4 a6 5. Bd3 Bc5 6. Nb3 Be7 7. Qg4 g6 8. Qe2
d6 9. O-O Nd7 10. f4 Qc7 11. c4 Ngf6 12. Nc3 b6 13. Bd2 Bb7 14. Rae1 Rd8 15. g4
Nc5 16. Bb1 Nxb3 17. axb3 O-O 18. g5 Nh5 19. Na4 b5 20. cxb5 axb5 21. Qxb5 Bc6
22. Qc4 Qb7 23. Nc3 Rc8 24. Qd3 d5 25. exd5 exd5 26. Be3 d4 27. Qxd4 Rfd8 28.
Qa7 1/2-1/2

[Event "EU-ch (Men) 11th"]
[Site "Rijeka"]
[Date "2010.03.08"]
[Round "3.117"]
[White "Onoprienko, Vladimir"]
[Black "Djukic, Nikola"]
[Result "1-0"]
[WhiteElo "2346"]
[BlackElo "2509"]
[PlyCount "91"]
[EventDate "2010.03.06"]
[EventType "swiss"]
[EventRounds "11"]
[EventCountry "CRO"]
[SourceDate "2010.03.06"]

1. e4 c6 2. d4 d5 3. exd5 cxd5 4. Bd3 Nc6 5. c3 Nf6 6. Bf4 Bg4 7. Qb3 Qd7 8.
Nd2 e6 9. Ngf3 Bxf3 10. Nxf3 Bd6 11. Bxd6 Qxd6 12. O-O O-O 13. Rfe1 Rab8 14.
Ne5 Ne7 15. Re3 b5 16. a3 g6 17. Rae1 Kg7 18. Qd1 h5 19. Qf3 Rb6 20. Qh3 Rh8
21. Qh4 Nfg8 22. Rg3 Rh6 23. Bc2 a5 24. b4 axb4 25. axb4 Ra6 26. Bd3 f6 27. Nf3
Ra3 28. Qh3 Kf7 29. Nd2 Ra2 30. Nb3 g5 31. Rge3 f5 32. R3e2 Rxe2 33. Bxe2 Nf6
34. Nc5 Ng6 35. Qd3 Nf4 36. Qxb5 h4 37. Nd3 Nxd3 38. Qxd3 Rh8 39. Qe3 g4 40.
Ra1 f4 41. Ra7+ Kg6 42. Bd3+ Kh5 43. Qe2 f3 44. gxf3 Rg8 45. Kh1 g3 46. f4+ 1-0

[Event "EU-ch (Men) 11th"]
[Site "Rijeka"]
[Date "2010.03.08"]
[Round "3.118"]
[White "Nanu, Ciprian"]
[Black "Bakalarz, Mieczyslaw"]
[Result "1-0"]
[WhiteElo "2505"]
[BlackElo "2300"]
[PlyCount "81"]
[EventDate "2010.03.06"]
[EventType "swiss"]
[EventRounds "11"]
[EventCountry "CRO"]
[SourceDate "2010.03.06"]

1. Nf3 Nf6 2. c4 g6 3. Nc3 d5 4. cxd5 Nxd5 5. Qa4+ Bd7 6. Qb3 Bc6 7. Ne5 e6 8.
Nxc6 Nxc6 9. e3 a6 10. Be2 Bg7 11. O-O O-O 12. d4 Rb8 13. Bf3 Nde7 14. Rd1 b5
15. Ne4 Nf5 16. Nc5 Rb6 17. Bd2 b4 18. Qa4 Qd6 19. Rac1 Nfe7 20. Be1 Rd8 21.
Rd2 f5 22. Rdc2 Nd5 23. Nxe6 Qxe6 24. Rxc6 Rxc6 25. Qxc6 Rd6 26. Bxd5 Rxc6 27.
Bxe6+ Rxe6 28. Bxb4 Rb6 29. Ba3 c6 30. b3 Kf7 31. Rc5 Ke6 32. Ra5 f4 33. Bc5
fxe3 34. fxe3 Rb8 35. Rxa6 Kd5 36. Ra7 Bf6 37. Be7 Bh8 38. Bg5 h5 39. Kf2 Rf8+
40. Ke2 Rf5 41. Ra5+ 1-0

[Event "EU-ch (Men) 11th"]
[Site "Rijeka"]
[Date "2010.03.08"]
[Round "3.119"]
[White "Erdogdu, Mert"]
[Black "Katzir, Moshe"]
[Result "1-0"]
[WhiteElo "2502"]
[BlackElo "2288"]
[PlyCount "115"]
[EventDate "2010.03.06"]
[EventType "swiss"]
[EventRounds "11"]
[EventCountry "CRO"]
[SourceDate "2010.03.06"]

1. e4 c5 2. Nf3 e6 3. d4 cxd4 4. Nxd4 a6 5. c4 Nf6 6. Nc3 Qc7 7. a3 d6 8. Be2
b6 9. O-O Bb7 10. f3 Nbd7 11. Be3 Be7 12. Qd2 O-O 13. Rfc1 Rac8 14. b4 Qb8 15.
Rc2 Bd8 16. Kh1 Bc7 17. Bg1 Rfd8 18. Rb1 Qa8 19. a4 Ne5 20. Qc1 h5 21. Bf2 Ng6
22. a5 bxa5 23. b5 d5 24. exd5 Bf4 25. Qa3 exd5 26. c5 axb5 27. Rxb5 Bc7 28.
Rb1 h4 29. Ncb5 Be5 30. Rbc1 Bc6 31. Nxc6 Rxc6 32. Nd4 Rcc8 33. c6 Re8 34. Bb5
Bc7 35. Bf1 Bf4 36. Rb1 Be5 37. Qa4 Re7 38. Nf5 Re6 39. Bb5 Qb8 40. Qa2 Qc7 41.
Ba6 Rxc6 42. Rxc6 Qxc6 43. Bxc8 Qxc8 44. Nxh4 Nf4 45. Qd2 g5 46. Bd4 Bxd4 47.
Qxd4 Qc2 48. Re1 Kg7 49. Qe5 gxh4 50. Qxf4 Qf2 51. Qg5+ Kf8 52. Qh6+ Kg8 53.
Rb1 Ne8 54. Qg5+ Ng7 55. h3 a4 56. Qxd5 Qc2 57. Qd8+ Kh7 58. Qxh4+ 1-0

[Event "EU-ch (Men) 11th"]
[Site "Rijeka"]
[Date "2010.03.08"]
[Round "3.120"]
[White "Kozlitin, Roman"]
[Black "Horvath, Adam"]
[Result "0-1"]
[WhiteElo "2344"]
[BlackElo "2501"]
[PlyCount "116"]
[EventDate "2010.03.06"]
[EventType "swiss"]
[EventRounds "11"]
[EventCountry "CRO"]
[SourceDate "2010.03.06"]

1. e4 c5 2. Nf3 e6 3. c3 Nf6 4. e5 Nd5 5. d4 cxd4 6. cxd4 d6 7. Nc3 Nxc3 8.
bxc3 Qc7 9. Bd2 Nd7 10. exd6 Bxd6 11. Bd3 b6 12. O-O Bb7 13. Re1 O-O 14. h3
Rac8 15. c4 Bf4 16. Be3 Rfd8 17. Nd2 Nf6 18. Nb3 h6 19. a4 a5 20. Bxf4 Qxf4 21.
Qc1 Qd6 22. Qa3 Qxa3 23. Rxa3 Ba6 24. Rc1 e5 25. Bf5 Rxc4 26. Rxc4 Bxc4 27.
dxe5 Nd7 28. f4 Nf8 29. Bc2 g5 30. g3 Kg7 31. Nc1 Ng6 32. Rc3 Rd4 33. fxg5 hxg5
34. Re3 Rd2 35. Bb3 Rd4 36. Bc2 Be6 37. Ne2 Rd2 38. Bxg6 Kxg6 39. h4 Ra2 40.
Nc3 Ra3 41. Kf2 gxh4 42. gxh4 Kh5 43. Kg3 Rb3 44. Rf3 Bg4 45. Re3 Be6 46. Rf3
Rb4 47. Rf4 Rxf4 48. Kxf4 Kxh4 49. Ke4 Kg5 50. Nd5 Bxd5+ 51. Kxd5 Kf5 52. Kd4
Ke6 53. Ke4 b5 54. axb5 a4 55. Kd3 Kxe5 56. Kc4 a3 57. Kb3 f5 58. Kxa3 f4 0-1

[Event "EU-ch (Men) 11th"]
[Site "Rijeka"]
[Date "2010.03.08"]
[Round "3.121"]
[White "Ramesa, Davor"]
[Black "Stern, Rene"]
[Result "0-1"]
[WhiteElo "2339"]
[BlackElo "2501"]
[PlyCount "92"]
[EventDate "2010.03.06"]
[EventType "swiss"]
[EventRounds "11"]
[EventCountry "CRO"]
[SourceDate "2010.03.06"]

1. Nf3 d5 2. d4 Nf6 3. c4 e6 4. Nc3 Nbd7 5. e3 Be7 6. Bd3 dxc4 7. Bxc4 a6 8. a4
b6 9. O-O Bb7 10. Qe2 c5 11. Rd1 O-O 12. e4 Qc7 13. Bb3 cxd4 14. Nxd4 Nc5 15.
Bc2 Bd6 16. Nf3 Ng4 17. h3 Ne5 18. Nd4 Ng6 19. Be3 Rad8 20. Rac1 Bh2+ 21. Kh1
Bf4 22. b4 Nd7 23. Bb1 Qb8 24. Ba2 Nf6 25. Bb1 Qe5 26. Nf3 Rxd1+ 27. Qxd1 Qb8
28. Bxf4 Qxf4 29. Ne2 Qb8 30. Qd4 Rd8 31. Qe3 Ba8 32. Ned4 h6 33. b5 axb5 34.
axb5 Rc8 35. Nc6 Bxc6 36. bxc6 Ne7 37. e5 Nfd5 38. Qe4 g6 39. Nd4 b5 40. Ba2
Kg7 41. Bxd5 Nxd5 42. Rc5 b4 43. Rb5 Qa8 44. Rc5 Qa2 45. Rc2 Qb1+ 46. Kh2 b3
0-1

[Event "EU-ch (Men) 11th"]
[Site "Rijeka"]
[Date "2010.03.08"]
[Round "3.122"]
[White "Benidze, Davit"]
[Black "Pesotsky, Vitaly"]
[Result "1-0"]
[WhiteElo "2499"]
[BlackElo "2282"]
[PlyCount "47"]
[EventDate "2010.03.06"]
[EventType "swiss"]
[EventRounds "11"]
[EventCountry "CRO"]
[SourceDate "2010.03.06"]

1. d4 Nf6 2. c4 g6 3. Nc3 Bg7 4. e4 d6 5. f3 O-O 6. Be3 Nc6 7. Nge2 Rb8 8. Qd2
Re8 9. g4 e5 10. d5 Nd4 11. Nxd4 exd4 12. Bxd4 Bxg4 13. Bg2 Bh5 14. Bxa7 Ra8
15. Bd4 c5 16. dxc6 bxc6 17. O-O Ra5 18. Kh1 h6 19. b4 Rg5 20. Be3 Nd7 21. Rac1
Be5 22. Ne2 Rxg2 23. Kxg2 Qh4 24. f4 1-0

[Event "EU-ch (Men) 11th"]
[Site "Rijeka"]
[Date "2010.03.08"]
[Round "3.123"]
[White "Pavlidis, Anastasios"]
[Black "Fercec, Nenad"]
[Result "0-1"]
[WhiteElo "2338"]
[BlackElo "2492"]
[PlyCount "57"]
[EventDate "2010.03.06"]
[EventType "swiss"]
[EventRounds "11"]
[EventCountry "CRO"]
[SourceDate "2010.03.06"]

1. d4 g6 2. e4 d6 3. Nf3 Bg7 4. Bc4 c6 5. Qe2 Nf6 6. e5 Nd5 7. O-O O-O 8. Bb3
a5 9. c4 a4 10. Bd1 Nc7 11. Nc3 a3 12. bxa3 dxe5 13. dxe5 Bg4 14. Qe4 Bxf3 15.
Bxf3 Nd7 16. Rd1 Qe8 17. Rb1 Ne6 18. Bg4 Nec5 19. Qe3 Nxe5 20. Qxc5 Nxg4 21.
Ne4 Qb8 22. g3 Rd8 23. Bf4 Rxd1+ 24. Rxd1 e5 25. Bg5 Qc7 26. Be7 Re8 27. Bd6
Qc8 28. Qb4 Qf5 29. c5 0-1

[Event "EU-ch (Men) 11th"]
[Site "Rijeka"]
[Date "2010.03.08"]
[Round "3.124"]
[White "Goganov, Aleksey"]
[Black "Fucak, Emilijo"]
[Result "1/2-1/2"]
[WhiteElo "2492"]
[BlackElo "2280"]
[PlyCount "86"]
[EventDate "2010.03.06"]
[EventType "swiss"]
[EventRounds "11"]
[EventCountry "CRO"]
[SourceDate "2010.03.06"]

1. d4 e6 2. Nf3 Nf6 3. g3 b6 4. Bg2 Bb7 5. O-O Be7 6. c4 O-O 7. Re1 Qc8 8. Bg5
Re8 9. Nc3 Ne4 10. Nxe4 Bxe4 11. Bxe7 Rxe7 12. Qd2 d6 13. Qf4 d5 14. Qg4 f6 15.
Bh3 Qf8 16. Nd2 g5 17. Qh5 Nc6 18. Nxe4 dxe4 19. Rad1 Qe8 20. Qh6 Qf8 21. Qxf8+
Rxf8 22. e3 f5 23. Bg2 g4 24. h3 h5 25. h4 Rd7 26. Bf1 Rfd8 27. Be2 Kf7 28. a3
Ne7 29. Rb1 c6 30. b4 e5 31. dxe5 Ng6 32. c5 b5 33. a4 a6 34. e6+ Kxe6 35. Ra1
Ne5 36. axb5 axb5 37. Ra6 Ke7 38. Kf1 Rd2 39. Ra7+ Kf6 40. Rb1 Rc2 41. Bd1 Rcd2
42. Be2 Rc2 43. Bd1 Rcd2 1/2-1/2

[Event "EU-ch (Men) 11th"]
[Site "Rijeka"]
[Date "2010.03.08"]
[Round "3.125"]
[White "Raznikov, Danny"]
[Black "Ekstroem, Roland"]
[Result "1/2-1/2"]
[WhiteElo "2331"]
[BlackElo "2491"]
[PlyCount "46"]
[EventDate "2010.03.06"]
[EventType "swiss"]
[EventRounds "11"]
[EventCountry "CRO"]
[SourceDate "2010.03.06"]

1. d4 Nf6 2. c4 e6 3. g3 d5 4. Nf3 Be7 5. Bg2 O-O 6. O-O dxc4 7. Qc2 a6 8. Qxc4
b5 9. Qc2 Bb7 10. Bd2 Be4 11. Qc1 Bb7 12. Qc2 Be4 13. Qc1 Bb7 14. Rd1 Qc8 15.
a4 c5 16. axb5 axb5 17. Rxa8 Bxa8 18. dxc5 Bxc5 19. b4 Be7 20. Qxc8 Rxc8 21.
Nd4 Bxg2 22. Kxg2 Rd8 23. Nxb5 Bxb4 1/2-1/2

[Event "EU-ch (Men) 11th"]
[Site "Rijeka"]
[Date "2010.03.08"]
[Round "3.126"]
[White "Plenca, Julian"]
[Black "Swiercz, Dariusz"]
[Result "0-1"]
[WhiteElo "2323"]
[BlackElo "2488"]
[PlyCount "50"]
[EventDate "2010.03.06"]
[EventType "swiss"]
[EventRounds "11"]
[EventCountry "CRO"]
[SourceDate "2010.03.06"]

1. e4 c5 2. Nf3 d6 3. c3 Nf6 4. Be2 Nbd7 5. d3 b6 6. O-O Bb7 7. Ng5 e6 8. f4
Be7 9. Nd2 b5 10. Qe1 O-O 11. Bf3 Qc7 12. b3 a5 13. c4 a4 14. cxb5 Qb6 15. Nc4
Qxb5 16. bxa4 Rxa4 17. e5 dxe5 18. fxe5 Bxf3 19. exf6 Bxf6 20. Rxf3 Bxa1 21.
Qe4 g6 22. Rxf7 Bd4+ 23. Kh1 Rxc4 24. dxc4 Qxc4 25. Rxf8+ Nxf8 0-1

[Event "EU-ch (Men) 11th"]
[Site "Rijeka"]
[Date "2010.03.08"]
[Round "3.127"]
[White "Nigalidze, Gaioz"]
[Black "Veleski, Robert"]
[Result "1-0"]
[WhiteElo "2486"]
[BlackElo "2278"]
[PlyCount "55"]
[EventDate "2010.03.06"]
[EventType "swiss"]
[EventRounds "11"]
[EventCountry "CRO"]
[SourceDate "2010.03.06"]

1. d4 Nf6 2. c4 e6 3. Nf3 b6 4. a3 Bb7 5. Nc3 d6 6. d5 e5 7. e4 g6 8. g3 Bg7 9.
Bg2 O-O 10. O-O Nbd7 11. b4 h6 12. Bb2 Nh7 13. Qc2 Ndf6 14. Rfd1 Nh5 15. c5 f5
16. exf5 gxf5 17. Nh4 Nf4 18. Bf1 Qf6 19. Ne2 Nxe2+ 20. Qxe2 f4 21. Rac1 Rf7
22. Bh3 Raf8 23. Bf5 Ng5 24. gxf4 Qxf5 25. Nxf5 Nh3+ 26. Kh1 Rxf5 27. Rc3 Nxf4
28. Qe4 1-0

[Event "EU-ch (Men) 11th"]
[Site "Rijeka"]
[Date "2010.03.08"]
[Round "3.128"]
[White "Sandalakis, Angelos"]
[Black "Boros, Denes"]
[Result "1/2-1/2"]
[WhiteElo "2319"]
[BlackElo "2485"]
[PlyCount "63"]
[EventDate "2010.03.06"]
[EventType "swiss"]
[EventRounds "11"]
[EventCountry "CRO"]
[SourceDate "2010.03.06"]

1. e4 e6 2. d4 d5 3. Nd2 c5 4. exd5 Qxd5 5. Ngf3 cxd4 6. Bc4 Qd8 7. O-O Nc6 8.
Nb3 a6 9. Nbxd4 Nxd4 10. Qxd4 Qxd4 11. Nxd4 Bd7 12. Be2 Bc5 13. Nb3 Bb6 14. Bf3
O-O-O 15. Bd2 Ne7 16. Ba5 Bc7 17. Bxc7 Kxc7 18. Rfd1 Nc6 19. Nc5 Bc8 20. c3 b6
21. Nb3 e5 22. Rxd8 Rxd8 23. Rd1 Re8 24. Nd2 Be6 25. a4 Rd8 26. Kf1 Ne7 27. Ke1
a5 28. Be2 Nd5 29. Nc4 e4 30. g3 f5 31. Na3 Ne7 32. Nb5+ 1/2-1/2

[Event "EU-ch (Men) 11th"]
[Site "Rijeka"]
[Date "2010.03.08"]
[Round "3.129"]
[White "Mrva, Martin"]
[Black "Maevsky, Nikolay"]
[Result "1-0"]
[WhiteElo "2485"]
[BlackElo "2275"]
[PlyCount "36"]
[EventDate "2010.03.06"]
[EventType "swiss"]
[EventRounds "11"]
[EventCountry "CRO"]
[SourceDate "2010.03.06"]

1. Nf3 Nf6 2. c4 c6 3. g3 d5 4. Bg2 dxc4 5. a4 g6 6. Na3 Bg7 7. Nxc4 a5 8. d3
O-O 9. O-O Na6 10. Bd2 Nc5 11. Qb1 Nd5 12. Nxa5 Rxa5 13. b4 Nxa4 14. bxa5 Ndc3
15. Qc2 Qxa5 16. e3 c5 17. Qb3 b5 18. Qa3 Bd7 1-0

[Event "EU-ch (Men) 11th"]
[Site "Rijeka"]
[Date "2010.03.08"]
[Round "3.131"]
[White "Kunze, Carlo"]
[Black "Berbatov, Kiprian"]
[Result "1/2-1/2"]
[WhiteElo "2306"]
[BlackElo "2481"]
[PlyCount "51"]
[EventDate "2010.03.06"]
[EventType "swiss"]
[EventRounds "11"]
[EventCountry "CRO"]
[SourceDate "2010.03.06"]

1. d4 Nf6 2. c4 c5 3. d5 d6 4. Nc3 g6 5. e4 Bg7 6. Be2 O-O 7. Nf3 e6 8. O-O
exd5 9. exd5 Re8 10. h3 Na6 11. Bd3 Nc7 12. Bg5 a6 13. a4 Rb8 14. a5 b5 15.
axb6 Rxb6 16. Qd2 Bd7 17. Qf4 Nh5 18. Bxd8 Nxf4 19. Bxc7 Rxb2 20. Ra3 Nxd3 21.
Nd1 Rb7 22. Bxd6 Rb6 23. Bc7 Rb7 24. Bd6 Rb6 25. Bc7 Rb7 26. d6 1/2-1/2

[Event "EU-ch (Men) 11th"]
[Site "Rijeka"]
[Date "2010.03.08"]
[Round "3.132"]
[White "Wittmann, Walter"]
[Black "Carlsson, Pontus"]
[Result "0-1"]
[WhiteElo "2302"]
[BlackElo "2478"]
[PlyCount "58"]
[EventDate "2010.03.06"]
[EventType "swiss"]
[EventRounds "11"]
[EventCountry "CRO"]
[SourceDate "2010.03.06"]

1. e4 c5 2. Nf3 d6 3. Nc3 Nf6 4. e5 dxe5 5. Nxe5 a6 6. a4 Qc7 7. Nc4 Nc6 8. d3
Be6 9. Ne3 g6 10. g3 h5 11. h4 Rd8 12. Bd2 Bg7 13. Bg2 O-O 14. O-O Qd7 15. b3
Bh3 16. Rc1 Nd4 17. Ne2 e5 18. f3 e4 19. fxe4 Bxg2 20. Kxg2 Nxe4 21. Nxd4 Nxd2
22. Qxd2 cxd4 23. Nd1 Qc6+ 24. Kh2 Kh7 25. Ra1 Rc8 26. Ra2 Rce8 27. Nf2 Qf3 28.
Qf4 Qe2 29. Kg2 Re3 0-1

[Event "EU-ch (Men) 11th"]
[Site "Rijeka"]
[Date "2010.03.08"]
[Round "3.133"]
[White "Baghdasaryan, Vahe"]
[Black "Durarbeyli, Vasif"]
[Result "0-1"]
[WhiteElo "2284"]
[BlackElo "2476"]
[PlyCount "98"]
[EventDate "2010.03.06"]
[EventType "swiss"]
[EventRounds "11"]
[EventCountry "CRO"]
[SourceDate "2010.03.06"]

1. e4 c5 2. Nf3 d6 3. d4 cxd4 4. Nxd4 Nf6 5. Nc3 Nc6 6. Bg5 e6 7. Qd2 Be7 8.
O-O-O a6 9. f4 Nxd4 10. Qxd4 b5 11. Bxf6 gxf6 12. Be2 Qc7 13. f5 Bd7 14. Bh5
O-O 15. Qe3 Kg7 16. Qg3+ Kh8 17. Qh4 Be8 18. Rd3 Rg8 19. Rh3 Rg7 20. Rf1 b4 21.
Nb1 Rc8 22. Bd1 Bb5 23. Rf4 Be2 24. c3 Bxd1 25. Kxd1 Qc5 26. Rg4 Rcg8 27. Qh5
bxc3 28. bxc3 d5 29. Nd2 dxe4 30. Rxe4 Rd8 31. Kc2 Qd5 32. Rd4 Qxa2+ 33. Kd3
Rxd4+ 34. cxd4 Bb4 35. Ne4 Qb1+ 36. Ke3 Qc1+ 37. Kd3 Qf1+ 38. Ke3 exf5 39. Nxf6
Bd2+ 40. Kxd2 Rxg2+ 41. Kc3 Qe1+ 42. Kb3 Qb1+ 43. Kc4 Rc2+ 44. Kd5 Qb5+ 45. Kd6
Rc6+ 46. Ke7 Qb4+ 47. Ke8 Qb8+ 48. Kxf7 Qb7+ 49. Kf8 Qg7+ 0-1

[Event "EU-ch (Men) 11th"]
[Site "Rijeka"]
[Date "2010.03.08"]
[Round "3.134"]
[White "Arkell, Keith C"]
[Black "Cucancic, Sinisa"]
[Result "1-0"]
[WhiteElo "2474"]
[BlackElo "2271"]
[PlyCount "71"]
[EventDate "2010.03.06"]
[EventType "swiss"]
[EventRounds "11"]
[EventCountry "CRO"]
[SourceDate "2010.03.06"]

1. Nf3 Nf6 2. c4 c5 3. Nc3 Nc6 4. g3 d5 5. cxd5 Nxd5 6. Bg2 Nxc3 7. bxc3 e5 8.
d3 Be7 9. Rb1 O-O 10. Qa4 Qc7 11. O-O Bd7 12. Qc2 Rac8 13. Nd2 b6 14. Nc4 Be6
15. Qa4 Bd7 16. Ne3 Na5 17. Qd1 Bc6 18. Bxc6 Qxc6 19. c4 e4 20. Nd5 Rfe8 21.
Bd2 exd3 22. Bxa5 dxe2 23. Qxe2 Bf8 24. Qf3 bxa5 25. Rb7 Qg6 26. Rxa7 Re6 27.
h4 Re5 28. Rd1 Rce8 29. Kg2 Rf5 30. Nf4 Qf6 31. Rd5 g6 32. Rxf5 gxf5 33. Nd5
Qe5 34. Qh5 Qe6 35. Qg5+ Kh8 36. Nf6 1-0

[Event "EU-ch (Men) 11th"]
[Site "Rijeka"]
[Date "2010.03.08"]
[Round "3.135"]
[White "Shytaj, Luca"]
[Black "Feher, Adam"]
[Result "1-0"]
[WhiteElo "2472"]
[BlackElo "2260"]
[PlyCount "61"]
[EventDate "2010.03.06"]
[EventType "swiss"]
[EventRounds "11"]
[EventCountry "CRO"]
[SourceDate "2010.03.06"]

1. e4 c6 2. d4 d5 3. Nc3 dxe4 4. Nxe4 Bf5 5. Ng3 Bg6 6. h4 h6 7. Nf3 Nd7 8. h5
Bh7 9. Bd3 Bxd3 10. Qxd3 e6 11. Bd2 Ngf6 12. O-O-O Be7 13. Ne4 Nxe4 14. Qxe4
Nf6 15. Qd3 Qc7 16. Kb1 O-O-O 17. g3 a6 18. Qe2 Bd6 19. c4 c5 20. Bc3 Rhe8 21.
Ne5 Ng8 22. dxc5 Bxc5 23. f4 f6 24. Ng6 Qc6 25. Rhe1 Rxd1+ 26. Rxd1 Ne7 27. b4
Nxg6 28. hxg6 Be7 29. b5 Qb6 30. a4 a5 31. Qe1 1-0

[Event "EU-ch (Men) 11th"]
[Site "Rijeka"]
[Date "2010.03.08"]
[Round "3.136"]
[White "Djurovic, Goran"]
[Black "Petrosian, Davit G"]
[Result "1/2-1/2"]
[WhiteElo "2276"]
[BlackElo "2468"]
[PlyCount "62"]
[EventDate "2010.03.06"]
[EventType "swiss"]
[EventRounds "11"]
[EventCountry "CRO"]
[SourceDate "2010.03.06"]

1. Nf3 Nf6 2. c4 c5 3. Nc3 Nc6 4. e3 e5 5. a3 d5 6. cxd5 Nxd5 7. Qc2 Nc7 8. Ne4
Qe7 9. d3 f5 10. Ned2 g5 11. h3 Bg7 12. Rb1 a5 13. b3 O-O 14. Be2 Re8 15. Bb2
Nd5 16. g3 Kh8 17. h4 g4 18. Nh2 Nd4 19. Qd1 f4 20. exd4 fxg3 21. fxg3 exd4 22.
Ne4 Bf5 23. O-O Ne3 24. Rxf5 Nxf5 25. Nxg4 h5 26. Ngf2 Be5 27. Bf1 Qf7 28. Ng5
Qg6 29. Nfe4 Nxg3 30. Bg2 Nf5 31. Bf3 Ng7 1/2-1/2